000 00591nam a2200181 i 4500
001 149913
003 ES-MaACL
005 20240516103501.0
007 t|
008 071025s1970 sp ||||1| spa d
100 1 _aVallani, Gian.
_9112741
245 1 3 _aEl hombre moderno
_b: guía de su estilo, sus vicios y sus placeres /
_cGian Vallani ; [traducción de José Domingo].
260 _a[Barcelona :
_bMartínez Roca,
_c1970]
300 _a273 p. :
_bil. ;
_c23 cm.
700 0 _aDomingo, José,
_d1913-1975
_945118
852 _aES-MaACL
_jC-44561
_bR.75123
999 _c149913
_d149913